| 000 | 00837nam a2200205 a 4500 | ||
|---|---|---|---|
| 999 |
_c5459 _d5459 |
||
| 005 | 20191224041805.0 | ||
| 008 | 160202s2005 ck abo gr|||| 00| 0 spa d | ||
| 040 |
_aCO-BoIAVH _cCO-BoIAVH |
||
| 041 | 0 | _aspa | |
| 044 | _ack | ||
| 082 | 0 | 4 |
_a333.72 _bC82a2 |
| 110 | 2 | _bCorporación Autónoma Regional del Atlántico | |
| 245 | 1 | 0 |
_aÁreas protegidas : _bherramienta de conservación y construcción de territorio en el departamento del Atlántico / _cCorporación Autónoma Regional del Atlántico, SIRAP |
| 260 |
_aBarranquilla : _bCorporación Autónoma Regional del Atlántico : _bSIRAP, _c2005. |
||
| 300 |
_a30 páginas : _bIlustraciones, mapas, fotografías ; _c28 x 22 cm. |
||
| 650 | 6 | _aÁreas naturales protegidas | |
| 650 | 6 | _aGestión Ambiental | |
| 662 |
_aColombia _bAtlántico |
||
| 942 |
_cLIBRO _2ddc _02 |
||